000 00521nam a2200193Ia 4500
005 20250508162705.0
008 008 250505s9999 xx 000 0 eng d
020 _a0-7099-4334-2
037 _aTextual
040 _aFEDL
_beng
_cFEDL
041 _aeng
_2eng
084 _a371, TYL
_qFEDL
100 _aTyler William
245 0 _aSchool organisation : A sociological perspective
260 _aLondon, UK
_bCroom Helm
_c1988
300 _a252p
942 _cTEXL
_h371, TYL
999 _c1378080
_d1378080